Huntin' gun; (Record no. 11026)
[ view plain ]
| 000 -LEADER | |
|---|---|
| fixed length control field | 00711cam a22002411 4500 |
| 001 - CONTROL NUMBER | |
| control field | agr49000437 |
| 003 - CONTROL NUMBER IDENTIFIER | |
| control field | DLC |
| 005 - DATE AND TIME OF LATEST TRANSACTION | |
| control field | 20260227111011.0 |
| 008 - FIXED-LENGTH DATA ELEMENTS--GENERAL INFORMATION | |
| fixed length control field | 750730s1949 xx 000 0 eng |
| 010 ## - LIBRARY OF CONGRESS CONTROL NUMBER | |
| LC control number | agr49000437 |
| 035 ## - SYSTEM CONTROL NUMBER | |
| System control number | (OCoLC)1490700 |
| 040 ## - CATALOGING SOURCE | |
| Original cataloging agency | DLC |
| Transcribing agency | FJ |
| Modifying agency | DLC |
| 050 00 - LIBRARY OF CONGRESS CALL NUMBER | |
| Classification number | SK33 |
| Item number | .R42 |
| 082 00 - DEWEY DECIMAL CLASSIFICATION NUMBER | |
| Classification number | 799.2 |
| 100 1# - MAIN ENTRY--PERSONAL NAME | |
| Personal name | Rodgers, Walter R., |
| Dates associated with a name | 1898- |
| 245 10 - TITLE STATEMENT | |
| Title | Huntin' gun; |
| Remainder of title | men, gun feel and game. |
| Statement of responsibility, etc. | Illus. by Jim Berryman and Gib Crockett. |
| 250 ## - EDITION STATEMENT | |
| Edition statement | [1st ed.] |
| 260 ## - PUBLICATION, DISTRIBUTION, ETC. | |
| Place of publication, distribution, etc. | Washington, |
| Name of publisher, distributor, etc. | Infantry Journal Press |
| Date of publication, distribution, etc. | [1949] |
| 300 ## - PHYSICAL DESCRIPTION | |
| Extent | x, 178 p. |
| Other physical details | illus. |
| Dimensions | 22 cm. |
| 490 0# - SERIES STATEMENT | |
| Series statement | A National Rifle Association library book. |
| 500 ## - GENERAL NOTE | |
| General note | "A Sportsman's Press book." |
| 650 #0 - SUBJECT ADDED ENTRY--TOPICAL TERM | |
| Topical term or geographic name entry element | Hunting. |
No items available.